[Event "Aragon-ch Seniors"]
[Site "Spain"]
[Date "2005.??.??"]
[Round "2"]
[White "Codina Escudero, Juan"]
[Black "De Castro, Fernando"]
[Result "1-0"]
[WhiteElo "1634"]
[BlackElo "1500"]
[PlyCount "39"]
[EventDate "2005.??.??"]
[EventType "swiss"]
[EventRounds "9"]
[EventCountry "ESP"]
[SourceTitle "EXT 2007"]
[Source "ChessBase"]
[SourceDate "2006.11.23"]
[SourceVersion "1"]
[SourceVersionDate "2006.11.23"]
[SourceQuality "1"]

1. d4 d5 2. c4 Nf6 3. Nc3 e6 4. a3 Nc6 5. Bg5 h6 6. Bxf6 Qxf6 7. cxd5 exd5 8. Nxd5 Qd6 9. e4 Be6 10. Bc4 Na5 11. Qa4+ c6 12. Qxa5 cxd5 13. Bxd5 Bxd5 14. Qxd5 Qxd5 15. exd5 Rd8 16. Nf3 g6 17. 0-0 Bg7 18. Rfe1+ Kf8 19. Rac1 Rxd5 20. Rc8+ 1-0

[Event "Aragon-ch Seniors"]
[Site "Spain"]
[Date "2005.??.??"]
[Round "1"]
[White "De Castro, Fernando"]
[Black "Edeso Perez, Francisco"]
[Result "0-1"]
[WhiteElo "1500"]
[BlackElo "1843"]
[PlyCount "58"]
[EventDate "2005.??.??"]
[EventType "swiss"]
[EventRounds "9"]
[EventCountry "ESP"]
[SourceTitle "EXT 2007"]
[Source "ChessBase"]
[SourceDate "2006.11.23"]
[SourceVersion "1"]
[SourceVersionDate "2006.11.23"]
[SourceQuality "1"]

1. e4 c5 2. Nc3 d6 3. Nf3 Nf6 4. Bb5+ Bd7 5. d3 g6 6. b3 Nxe4 7. dxe4 Bxb5 8. Nxb5 Qa5+ 9. Nc3 Qxc3+ 10. Bd2 Qb2 11. 0-0 Bg7 12. Qc1 Qxa1 13. Qxa1 Bxa1 14. Rxa1 0-0 15. Re1 Nc6 16. Bc3 a5 17. a4 Nb4 18. Re2 Rfb8 19. e5 d5 20. Rd2 d4 21. Bxb4 axb4 22. Re2 b5 23. Nd2 bxa4 24. Re1 axb3 25. cxb3 Ra2 26. Rd1 Rba8 27. Kf1 Ra1 28. Ke2 d3+ 29. Ke1 Rxd1+ 0-1

[Event "Aragon-ch Seniors"]
[Site "Spain"]
[Date "2005.??.??"]
[Round "8"]
[White "Felez Gaston, Carlos"]
[Black "De Castro, Fernando"]
[Result "1-0"]
[WhiteElo "1655"]
[BlackElo "1500"]
[PlyCount "73"]
[EventDate "2005.??.??"]
[EventType "swiss"]
[EventRounds "9"]
[EventCountry "ESP"]
[SourceTitle "EXT 2007"]
[Source "ChessBase"]
[SourceDate "2006.11.23"]
[SourceVersion "1"]
[SourceVersionDate "2006.11.23"]
[SourceQuality "1"]

1. c4 e5 2. Nc3 Nc6 3. g3 Bb4 4. a3 Bxc3 5. dxc3 d6 6. Bg2 Qd7 7. e4 Nf6 8. f3 0-0 9. Ne2 Na5 10. b3 Qe7 11. Bg5 h6 12. Be3 Be6 13. 0-0 Rfd8 14. g4 c6 15. g5 hxg5 16. Bxg5 d5 17. cxd5 cxd5 18. b4 dxe4 19. Qc2 Nb3 20. Rab1 Nd2 21. Bxd2 Bf5 22. Bg5 Qe6 23. Ng3 e3 24. Qxf5 Qxf5 25. Nxf5 Rd3 26. Rfe1 Nd5 27. Ne7+ Nxe7 28. Bxe7 Rxc3 29. Bg5 Rac8 30. Bxe3 Rxa3 31. Re2 a5 32. bxa5 Rxa5 33. Rxb7 Ra1+ 34. Kf2 f5 35. f4 exf4 36. Bxf4 Rf8 37. Be5 1-0